000 00699nam a2200241Ia 4500
005 20230508110741.0
008 131103s9999 xx 000 0 und d
020 _a007100601 X
040 _aLoreto College
041 _aEnglish
082 _a330
_bSAM
100 _aSamuelson,Paul A.
245 _aEconomics
_cPaul A.Samuelson [and] William D.Nordhaus
250 _a13th ed.
260 _aNew York
_bMcGraw - Hill Book Co.
_c1948 (1989 printing)
300 _axl,1013 p.
_b ill.,fig.
440 _aMcGraw - Hill International Edition
504 _aIncludes bibliographical references and index
650 _aEconomics
700 _aNordhaus,William D.
850 _aLCLIB
942 _cBK
999 _c7644
_d58123